|
|
|
|
| LEADER |
00000cam a2200000 7i4500 |
| 001 |
0000009195 |
| 008 |
021119s1972 |
| 090 |
0 |
0 |
|a BP130.2
|b .A35
|
| 100 |
0 |
|
|a خليل, السيد بن احمد
|e author
|
| 241 |
0 |
0 |
|a Dirasat fi al-Quran
|
| 245 |
1 |
0 |
|a دراسات في القرآن
|c السيد احمد خليل
|
| 260 |
2 |
|
|a [Cairo]
|b Dar al-Maarif
|c 1972
|
| 300 |
|
|
|a 165 p.
|c 24 cm
|
| 640 |
0 |
0 |
|a Qur'an
|x Criticism, interpretation, etc.
|x History
|
| 640 |
0 |
0 |
|a Qur'an
|x History
|
| 999 |
|
|
|a 1000018489
|b Book
|c OPEN SHELF (30 DAYS)
|e Gong Badak Campus
|
| 999 |
|
|
|a 1000018490
|b Book
|c OPEN SHELF (30 DAYS)
|e Gong Badak Campus
|